00458nam a2200181Ia 450000500170000000800410001702000090005804000190006704100120008608200130009810000180011124500470012926000420017630000160021850400190023465000130025385000100026620231215114633.0131103s9999 xx 000 0 und d c16s. aLoreto College aEnglish a424bSTO aStonor,Oliver 2aA First Book of Synonyms, cOliver Stonor aLondonbRoutledge & Kegan Paul c1963 axvi,144 p.  aIncludes index aSynonyms aLCLIB